| 000 | 00730cam a22001935a 4500 | ||
|---|---|---|---|
| 001 | L156942 | ||
| 008 | 120515s1822 xxk f 000 0 eng d | ||
| 035 | _a(Sirsi) u156942 | ||
| 041 | 0 | _aeng | |
| 245 | 0 | 4 |
_aThe twefth edition of Skyring's builders' prices _bcorrected from the prime cost of materials and labor to the present time; and calculated to do justice to the employer, master builder, & their workmen |
| 250 | _a12th ed. | ||
| 260 |
_aLondon _bSold by the author _c1822 |
||
| 300 |
_a117 p. _c20 cm. |
||
| 520 | _aContains annotations and handwritten notes. | ||
| 583 |
_aCondition reviewed _c20120620 _lcondition level 4 |
||
| 651 | 4 |
_aGreat Britain _y1707- |
|
| 690 |
_aConstruction management _96230 |
||
| 942 | _n0 | ||
| 999 |
_c114504 _d114504 |
||